Click the Old Job Title - Statistics

General Stats
  • This quiz has been taken 154 times
  • The average score is 10 of 20
Answer Stats
Hint Answer % Correct
Person who prepares and sells medicines Apothecary
86%
Candle maker Chandler
70%
Scribe or someone who writes official or formal documents Scrivener
64%
Maker of arrows Fletcher
63%
Blacksmith, someone who shoes horses Farrier
62%
Person responsible for steering a boat Coxwain
60%
Person who makes or sells knives Cutler
59%
Someone who drives cattle, sheep, etc. to market Drover
59%
Maker of barrels and casks Cooper
58%
Street seller of fruit and vegetables Costermonger
58%
Designer, maker or seller of women’s hats Milliner
58%
Coal miner Collier
51%
Wagon maker Wainwright
51%
Seller of small metal goods such as pots and pans Tinker
50%
Dock worker Stevedore
43%
Craftsperson who builds or repairs stringed instruments Luthier
40%
Maker of gentlemen's wigs Peruker
36%
Shoemaker Cordwainer
30%
One who makes fireclay containers for unfired earthenware Saggermaker
24%
Official responsible for the maintenance of fences Hayward
19%
No matching quizzes found
Score Distribution
Percent of People with Each Score
Percentile by Number Answered
Your Score History
You have not taken this quiz